000 00829 a2200205 4500
999 _c3843
_d3843
020 _a0791082423 (alk. paper)
050 0 0 _aPS 3545 WIL 2000
245 0 0 _aTennessee Williams's A streetcar named desire /
_cedited & with an introduction by Harold Bloom.
264 _aNew York:
_bPenguin,
_c2000.
300 _a143 p. ;
440 0 _aBloom's guides
500 _aIncludes bibliographical references
504 _aIncludes bibliographical references.
650 _aPlays
651 0 _aNew Orleans (La.)
700 1 _aBloom, Harold.
856 4 1 _3Table of contents
_uhttp://www.loc.gov/catdir/toc/ecip056/2004030477.html
942 _2lcc
_cBK
_h3545
_iWIL
_kPR